000 01648nam a22004095a 4500
001 60516
003 CO-BoRNBP
005 20260217210800.0
007 t
008 220215s2020 ck ao gr 000 0 spa d
020 _a9789585183018
040 _aCO-BoBLA
_bspa
_dCO-BoBLA
_erda
_cCO-BoBLA
041 _aspa
043 _as-ck---
082 0 4 _a333.782
_bB46
_221 ed.
240 1 0 _aVichada-Bibliografía regional
245 0 0 _aBiodiversidad de la reserva natural Bojonawi, Vichada, Colombia :
_brío Orinoco y planicie de inundación /
_ceditores Carlos A. Lasso, Fernando Trujillo, Monica A. Morales-Betancourt.
250 _a1a. edición
264 _aBogotá :
_bInstituto de Investigación de Recursos Biológicos Alexander Von Humboldt, Fundación Omacha,
_c2020.
300 _a556 páginas :
_bilustraciones, gráficas ;
_c24 cm.
336 _atext
_btxt
_2rdacontent
337 _aunmediated
_bn
_2rdamedia
338 _avolume
_bnc
_2rdacarrier
490 1 _aSerie Fauna Silvestre Neotropical
504 _aIncluye bibliografía.
650 7 _aConservación de la diversidad biológica
_z Vichada (Colombia).
_2BLAAUTO
_968931
650 7 _aFauna colombiana.
_2BLAAUTO
_968932
650 7 _aGestión de ecosistemas
_z Vichada (Colombia)
_2BLAAUTO
_968933
650 7 _aParques nacionales y reservas
_z Vichada (Colombia)
_2BLAAUTO
_968934
700 1 _aLasso, Carlos A.,
_eedición.
700 1 _aMorales-Betancourt, Mónica A.,
_eedición.
_968935
700 1 _aTrujillo, Fernando,
_eedición.
_968347
830 1 _aSerie Fauna Silvestre Neotropical
_968902
942 _2ddc
_cBK
949 _ac
_bc
960 _aNormalizados-2025
999 _c60516
_d60516